LEADER 00950nam0-22003251i-450- 001 990001264740403321 010 $a90-277-0814-2 035 $a000126474 035 $aFED01000126474 035 $a(Aleph)000126474FED01 035 $a000126474 100 $a20000920d1977----km-y0itay50------ba 101 0 $aeng 200 1 $aComplementarity in mathematics$eA first introduction to the foundations of mathematics and its history$fWillem Kuyk. 210 $aDordrecht (NL)$cReidel$dc1 977. 215 $a186 p.$d24 cm 225 1 $aMathematics and its applications$v1 610 0 $aMatematica$aFilosofia 610 0 $aMatematica$aStoria 676 $a510.1 700 1$aKuyk,$bWillem$040747 801 0$aIT$bUNINA$gRICA$2UNIMARC 901 $aBK 912 $a990001264740403321 952 $aC-55-(1$b20584bis$fMA1 959 $aMA1 962 $a00A30 996 $aComplementarity in Mathematics$924894 997 $aUNINA DB $aING01 LEADER 00876nam a2200265 i 4500 001 991003721679707536 005 20020509131031.0 008 000220s1989 it ||| | ita 035 $ab11204692-39ule_inst 035 $aPARLA187309$9ExL 040 $aDip.to Filosofia$bita 082 0 $a947.0854092 100 1 $aButson, Thomas$0540617 245 10$aMihail Gorbaciov 260 $aMilano :$bTarga italiana,$c1989 300 $a134 p. ;$c24 cm 440 2$aI learders 650 4$aGorbacev, Mihail Sergeevic 650 4$aUnione Sovietica$xPolitica$y1985-1991 907 $a.b11204692$b21-09-06$c01-07-02 912 $a991003721679707536 945 $aLE005IF XLIV G 5$g1$iLE005IFA-3337$lle005$o-$pE0.00$q-$rl$s- $t0$u0$v0$w0$x0$y.i11355943$z01-07-02 996 $aMihail Gorbaciov$9870837 997 $aUNISALENTO 998 $ale005$b01-01-00$cm$da $e-$fita$git $h0$i1